Herramientas para el aprendizaje /
Guardado en:
| Autor Principal: | |
|---|---|
| Otros Autores: | , |
| Formato: | Libro |
| Publicado: |
Buenos Aires :
Aique,
1994
|
| Series: | Estrategias de Aula
|
| Materias: | |
| Etiquetas: |
Agregar Etiqueta
Sin Etiquetas, Sea el primero en etiquetar este registro!
|
| LEADER | 00835nam a22002295a 4500 | ||
|---|---|---|---|
| 001 | CEM.cems007622 | ||
| 005 | 20060214000000.0 | ||
| 008 | 130507s1994##################000#0#####d | ||
| 003 | CEMS | ||
| 082 | 0 | 4 | |a 371.36 |
| 100 | 1 | |a Gall, M. D. | |
| 245 | 1 | 0 | |a Herramientas para el aprendizaje / |
| 260 | |a Buenos Aires : |b Aique, |c 1994 | ||
| 300 | |a 275 p. | ||
| 490 | 0 | |a Estrategias de Aula | |
| 505 | 0 | |a Fundamentos para la ense¤anza de las habilidades de estudio. Teor¡a e investigaci¢n. Planificiaci¢n de la ense¤anza de habilifdades de estudio. Autoconducci¢n. La lectura de textos. Las pruebas y su preparaci¢n. | |
| 653 | |a Educacion | ||
| 653 | |a Estudio dirigido | ||
| 653 | |a Técnicas de estudio | ||
| 700 | 1 | |a Jacobsen, Dennis R. | |
| 700 | 1 | |a Bullock, Terry L. | |
| 859 | |a CEMS |b BIB. CEMS - 11 de abril |h 371.36 |i G135 |p 17788.94 |t Ej.1 | ||
